000 00687nam a2200229Ia 4500
003 GCL
008 140319s9999 xx 000 0 ara d
020 _a2006709977
040 _aGCL /
_cGCL
082 0 4 _a814.008
_bا ف
100 1 _aانيس منصور
245 1 0 _aفى تلك السنة : هؤلاء العظماء ولدوا معا /
_cانيس منصور
250 _aالثانية
260 _aالقاهرة :
_bدار الشروق ،
_c1993
300 _a245 ص ؛
_c24 سم
490 _a
650 0 4 _aعباس محمود العقاد
650 0 4 _aطه حسين
650 0 4 _aشارلى شابلن
650 0 4 _aالرجال - تراجم
942 _2ddc
_cBK
999 _c40954
_d40954